000 01226nam a2200217Ia 4500
003 Ost
005 20260507075551.0
008 260507s9999||||xx |||||||||||||| ||und||
020 _a19771015494
040 _cfsecg
041 _aara
082 _a1.42
100 _aالمشوخي ، حمد سليمان
_eمؤلف
245 0 _aتقنيات و مناهج البحث العلمي :
_bتحليل اكاديمي لكتابة الرسائل و البحوث العلمية /
_c حمد سليمان المشوخي
260 _aالقاهرة:
_bدار الفكر العربي,
_c2002
300 _a225 صفحة؛
_bإيضاحات ؛
_c24 سم
504 _aمراجع ص.222
520 _aتعريفات و مفاهيم أساسية للبحث العلمي و صفات و مقومات الباحث العلمي و اختيار موضوع البحث و إعداد مشروعه و جمع المعلومات و تبويبها و تقنيات و فن كتابة البحث العلمي و ثبت و توثيق المصادر و الهوامش و مناهج و أدوات البحث العلمي و اخيرا استنتاجات و توصيات و رؤى مستقبلية.
653 _aطرق البحث
942 _cكتاب
999 _c44921
_d44921